000 00480nam a2200169Ia 4500
003 GCL
008 140319s9999 xx 000 0 ara d
040 _aGCL /
_cGCL
082 0 4 _a813.083
_bج م
100 1 _aجاذبية صدقى
245 1 0 _aمملكه الله وقصص اخرى /
_cجاذبية صدقى
260 _a[S.N] :
_bدار الكتاب اللبنانى ،
_c1975
300 _a239 ص
490 _a
650 0 4 _aالقصص العربية
942 _2ddc
_cBK
999 _c53762
_d53762